| 000 | 00724cam a22002171 4500 | ||
|---|---|---|---|
| 001 | ne 68002395 | ||
| 003 | DLC | ||
| 005 | 20260227111843.0 | ||
| 008 | 860616s1965 ua 000 0 arax | ||
| 010 | _ane 68002395 | ||
| 035 | _a(OCoLC)14275170 | ||
| 040 |
_aDLC _cNN _dDLC |
||
| 042 | _apremarc | ||
| 050 | 0 | 0 |
_aBP135 _b.I22 |
| 100 | 2 |
_aIbn al-Wazīr, Muḥammad ibn Ibrāhīm, _d1373 or 1374-1436. |
|
| 245 | 1 | 3 |
_aal-Rawḍ al-bāsim fī al-dhabb ʻan sunnat Abī al-Qāsim, _ctaʼlīf Abī ʻAbd Allāh al-Sayyid Muḥammad ibn Ibrāhīm al-Wazīr. |
| 260 |
_a[al-Qāhirah] _bQuṣayy Muḥibb al-Dīn al-Khatīb _c[1965 or 6] |
||
| 300 |
_a2 v. in 1. (303 p.) _c24 cm. |
||
| 500 | _aIn Arabic. | ||
| 650 | 0 | _aHadith. | |
| 999 |
_c50516 _d50516 |
||